[Event "25th Staufer Open"]
[Site "Schwaebisch Gmuend GER"]
[Date "2013.01.02"]
[Round "1.39"]
[White "Nuding,M"]
[Black "Huber,Timm"]
[Result "1-0"]
[WhiteElo "2180"]
[BlackElo "1788"]

1.Nf3 d5 2.c4 c6 3.e3 Nf6 4.Nc3 Nbd7 5.d4 e6 6.Qc2 Be7 7.b3 a6 8.Bd3 b5 9.O-O O-O
10.Ne5 Bb7 11.f4 b4 12.Ne2 c5 13.Ng3 Rc8 14.Bb2 Nb6 15.Qe2 a5 16.f5 a4 17.Rad1 Qc7
18.Nh5 Nxh5 19.Qxh5 h6 20.fxe6 fxe6 21.Qg6  1-0

[Event "25th Staufer Open"]
[Site "Schwaebisch Gmuend GER"]
[Date "2013.01.02"]
[Round "2.8"]
[White "Kalinitschew,S"]
[Black "Muth,Matthias Potisarath"]
[Result "1-0"]
[WhiteElo "2472"]
[BlackElo "2049"]

1.Nf3 d5 2.c4 e6 3.g3 Nf6 4.Bg2 c6 5.b3 Nbd7 6.O-O e5 7.d3 Bd6 8.a3 a5 9.cxd5 Nxd5
10.Bb2 O-O 11.Nbd2 Re8 12.Qc2 Qe7 13.Nc4 Bb8 14.e4 N5f6 15.d4 exd4 16.Nxd4 Ne5
17.Nb6 Ra6 18.Nxc8 Rxc8 19.Nf5 Qe8 20.f4 Neg4 21.Rae1 Ba7+ 22.Kh1 g6 23.Nd6 Qf8
24.Nxc8 Qxc8 25.e5 Nh5 26.e6 fxe6 27.Qc3 Kf7 28.Bh3  1-0

[Event "1st Mare D'Inverno Open"]
[Site "Gabicce Mare ITA"]
[Date "2013.01.03"]
[Round "2.4"]
[White "Moroni,L"]
[Black "Caprio,G"]
[Result "0-1"]
[WhiteElo "2161"]
[BlackElo "2409"]

1.Nf3 d5 2.c4 d4 3.b4 Nf6 4.d3 e5 5.Qa4+ Bd7 6.b5 Bd6 7.g3 Na6 8.Ba3 O-O
9.Bg2 Qe7 10.Nfd2 Nb4 11.Bxb7 Rab8 12.Bg2 a6 13.Bxb4 Bxb4 14.Qc2 axb5 15.cxb5 e4
16.O-O e3 17.Nc4 exf2+ 18.Rxf2 Ng4 19.Rf4 Rxb5 20.Re4 Qf6 21.Nbd2 Qf2+ 22.Kh1 Rh5
23.Rxg4 Bxg4 24.a4 Qxg3 25.Nf1 Qf2 26.a5 Bc3 27.Ra2 Bh3 28.Bxh3 Rxh3 29.Qb1 Be1
30.Ncd2 Qxe2 31.a6 Bxd2 32.Rxd2 Qf3+ 33.Kg1 Rh6 34.Ra2 Rg6+ 35.Ng3 h5 36.a7 h4
37.Qb8 hxg3  0-1

[Event "XXIV Roquetas Open"]
[Site "Roquetas de Mar ESP"]
[Date "2013.01.03"]
[Round "2.2"]
[White "Aranaz Murillo,A"]
[Black "Mirzoev,A"]
[Result "0-1"]
[WhiteElo "2251"]
[BlackElo "2547"]

1.Nf3 d5 2.c4 d4 3.b4 f6 4.e3 e5 5.c5 a5 6.Bb5+ c6 7.Bc4 Bg4 8.O-O Nh6 9.Bb2 dxe3
10.fxe3 axb4 11.d4 e4 12.h3 Bh5 13.g4 Bf7 14.Nfd2 Bd5 15.Rf4 Nf7 16.Qb3 Ng5
17.Kg2 h5 18.Qxb4 Qd7 19.Be2 Na6 20.Qa4 Nc7 21.Qc2 hxg4 22.hxg4 Nce6 23.Rf5 g6
24.Rxf6 Qh7 25.Nf1 Be7 26.Rxe6 Nxe6 27.Nc3 Qh1+ 28.Kf2 Bh4+  0-1

[Event "25th Staufer Open"]
[Site "Schwaebisch Gmuend GER"]
[Date "2013.01.03"]
[Round "4.4"]
[White "Burmakin,V"]
[Black "Schroeder,Ja"]
[Result "1-0"]
[WhiteElo "2565"]
[BlackElo "2300"]

1.Nf3 d5 2.c4 e6 3.g3 Nf6 4.b3 Be7 5.Bb2 O-O 6.Bg2 b6 7.cxd5 exd5 8.O-O Bb7
9.d4 Nbd7 10.Nc3 Re8 11.Rc1 Bf8 12.Qc2 c6 13.e3 Bd6 14.Rfe1 Rc8 15.e4 dxe4
16.Nxe4 Nxe4 17.Rxe4 Rxe4 18.Qxe4 Nf6 19.Qf5 c5 20.d5 Qd7 21.Qd3 Bxd5 22.Ng5 Bxg2
23.Bxf6 gxf6 24.Qxh7+ Kf8 25.Re1 Be5 26.Kxg2 fxg5 27.Rxe5 Qc6+ 28.Kh3 Qf6
29.Rf5 Qe6 30.g4 Ke7 31.Rxg5 Rd8 32.Rf5 Rd3+ 33.f3 Rd2 34.Qg7 Re2 35.Qg5+ Kd7
36.Qf4 Ke7 37.Qc7+ Kf8 38.Qb8+ Qe8 39.Qxa7  1-0

[Event "Australian Open 2013"]
[Site "Cammeray AUS"]
[Date "2013.01.04"]
[Round "3.41"]
[White "Van der Wal,F"]
[Black "Egan,B"]
[Result "1-0"]
[WhiteElo "1852"]
[BlackElo "1716"]

1.Nf3 d5 2.c4 dxc4 3.Qa4+ Bd7 4.Qxc4 e6 5.g3 Nf6 6.Bg2 Be7 7.Ne5 c6 8.O-O O-O
9.d4 Qb6 10.Nc3 Rd8 11.e4 Be8 12.Be3 Qb4 13.Qe2 Nbd7 14.Nd3 Qa5 15.Rfc1 Nf8
16.e5 Nd5 17.Ne4 Rac8 18.h4 b6 19.a3 Nxe3 20.fxe3 c5 21.b4 cxb4 22.axb4 Rxc1+
23.Rxc1 Bxb4 24.Qg4 Be7 25.Nf4 Qa3 26.Re1 Ng6 27.h5 Nxf4 28.gxf4 Bf8 29.f5 exf5
30.Qxf5 Bd7 31.Qg5 Qe7 32.Qg3 Kh8 33.Rf1 Be6 34.Nd6 Qc7 35.d5 Bxd6 36.exd6 Qxd6
37.Qxd6 Rxd6 38.dxe6 Rxe6 39.Rxf7 Kg8 40.Rxa7 Rxe3 41.Bd5+ Kf8 42.Rf7+ Ke8
43.Rxg7 Re5 44.Bf3 h6 45.Rb7 Re6 46.Kf2 Kf8 47.Kg3 Rf6 48.Be4 Kg8 49.Bg6 Kf8
50.Rh7 Rd6 51.Rxh6 b5 52.Rh8+ Kg7 53.Rb8 Rd5 54.Rb6 Rc5 55.Kf4 Kh6 56.Kg4 Rg5+
57.Kh4 Rc5 58.Bf5+ Kg7 59.Kg5 Re5 60.h6+  1-0

[Event "16th Bad Zwesten Open"]
[Site "Bad Zwesten GER"]
[Date "2013.01.05"]
[Round "5.16"]
[White "Felber,G"]
[Black "Bauch,F"]
[Result "1/2-1/2"]
[WhiteElo "1756"]
[BlackElo "1953"]

1.Nf3 d5 2.c4 e6 3.g3 Nf6 4.Bg2 Nbd7 5.b3 g6 6.Bb2 Bg7 7.O-O O-O 8.Nc3 c6
9.Qc2 b6 10.cxd5 cxd5 11.d4 Ba6 12.Rfd1 Rc8 13.Qd2 Rc7 14.Rac1 Qe7 15.e3 Rfc8
16.Bf1 Bxf1 17.Kxf1 a6 18.Rc2 Nb8 19.Rdc1 Nc6 20.a3 Na5 21.Qd3 b5 22.Ne2 Ne4
23.Rxc7 Rxc7 24.Rxc7 Qxc7 25.Ne5 f6 26.f3 Nxg3+ 27.hxg3 fxe5 28.dxe5 Bxe5
29.Nd4 Kf7 30.Nxb5 axb5 31.Bxe5 Qxe5 32.Qxb5 Qa1+ 33.Kg2 Qxa3 34.b4 Nc4 35.Qd7+ Kf6
36.Qd8+ Ke5 37.Qb8+ Kf6 38.Qd8+ Kf7 39.Qd7+ Kf6 40.Qd8+ Ke5 41.Qb8+  1/2-1/2

[Event "Australian Open 2013"]
[Site "Cammeray AUS"]
[Date "2013.01.05"]
[Round "4.1"]
[White "Ikeda,J"]
[Black "Khenkin,I"]
[Result "1/2-1/2"]
[WhiteElo "2345"]
[BlackElo "2659"]

1.Nf3 d5 2.c4 d4 3.e3 Nc6 4.b4 dxe3 5.fxe3 Nxb4 6.d4 e5 7.a3 Nc6 8.Be2 exd4
9.exd4 Nh6 10.Nc3 Nf5 11.d5 Ncd4 12.O-O Bc5 13.Kh1 Nxf3 14.Rxf3 O-O 15.Bd3 Nh4
16.Rf1 Ng6 17.Ne4 Bd4 18.Ra2 h6 19.Ng3 Qh4 20.Bxg6 fxg6 21.Rxf8+ Kxf8 22.Re2 Bf5
23.Nxf5 gxf5 24.Qd3 Kg8 25.Qxf5 Rf8 26.Qe6+ Kh8 27.Re1 Bc3 28.Rg1 Qxc4 29.Be3 Bf6
30.h3 Rd8 31.Rd1 Qa4 32.Rd3 Re8 33.Qf5 Qc2 34.Qf1 Kg8 35.Bg1 a5 36.Rg3 Kh7
37.Rd3 Kg8 38.d6 cxd6 39.Rxd6 Qe2 40.Qb1 Qe4 41.Qb3+ Kh8 42.Rd5 Re5 43.Rxe5 Bxe5
44.a4 Qc6 45.Qf7 Bf6 46.Qb3 Kh7 47.Qd3+ Kg8 48.Qb3+ Kf8 49.Be3 Qc3 50.Qb6 Qa1+
51.Bg1 Qxa4 52.Bc5+ Kf7 53.Qxb7+ Ke6 54.Qc8+ Kd5 55.Bg1 Qb5 56.Qf5+ Be5 57.Bh2 Kd6
58.Qf8+ Ke6 59.Qc8+ Kf6 60.Qd8+ Kg6 61.Bxe5 Qxe5 62.Qb6+ Kh5 63.Qb1 Qd5 64.Qa1 Kg6
65.Qa4 h5 66.Kh2 Qe5+ 67.Kg1 Qe1+ 68.Kh2 Qe5+ 69.Kg1 Qe1+ 70.Kh2 Qb4 71.Qe8+ Kg5
72.Qe5+ Kh6 73.Qe3+ Kh7 74.Qd3+ g6 75.Qd7+ Kh6 76.Qd8 Qf4+ 77.Kg1 Qe3+ 78.Kh2 Qe5+
79.Kg1 Qc5+ 80.Kh1 Qc1+ 81.Kh2 Qf4+ 82.Kg1 a4 83.Qh8+ Kg5 84.Qd8+ Kh6 85.Qh8+ Kg5
86.Qd8+ Kf5 87.Qf8+ Ke4 88.Qb4+ Ke3 89.Qc3+ Ke2 90.Qc2+ Ke1 91.Qb1+ Kd2 92.Qb2+ Kd1
93.Qa1+ Kc2 94.Qa2+ Kd3 95.Qa3+ Ke2 96.Qa2+ Kd1 97.Qa1+ Kd2 98.Qb2+ Ke3 99.Qa3+ Ke2
100.Qa2+ Kd1 101.Qa1+  1/2-1/2

[Event "Australian Open 2013"]
[Site "Cammeray AUS"]
[Date "2013.01.05"]
[Round "4.26"]
[White "Hursky,K"]
[Black "Van der Wal,F"]
[Result "1-0"]
[WhiteElo "2075"]
[BlackElo "1852"]

1.Nf3 d5 2.c4 d4 3.b4 f6 4.e3 dxe3 5.fxe3 Bg4 6.h3 Bh5 7.Be2 Bf7 8.O-O e5
9.d4 c6 10.Qa4 Nd7 11.b5 Qc7 12.Bb2 e4 13.Nfd2 f5 14.bxc6 bxc6 15.Rxf5 Ngf6
16.Nc3 g6 17.Rf2 Bh6 18.Nf1 O-O 19.Rd1 Nb6 20.Qa5 Qd8 21.d5 cxd5 22.c5 Nc4
23.Qxd8 Rfxd8 24.Bxc4 dxc4 25.Rxd8+ Rxd8 26.Rxf6 Rb8 27.Rf2 Bg7 28.c6 Rc8
29.Nxe4 Rxc6 30.Bxg7 Kxg7 31.Nc3 a6 32.e4 Re6 33.Ne3 Re8 34.Ned5 Re5 35.Rb2 Re8
36.Kf2 Rf8 37.Ke3 Be6 38.Rb6 Bc8 39.Rc6 Kh6 40.Rxc4 Be6 41.Rc6 Bc8 42.Ne7 Bd7
43.Rxa6 Kg5 44.Rd6 Bxh3 45.gxh3 Kh4 46.Nxg6+ hxg6 47.Rxg6  1-0

[Event "11th Parsvnath Open"]
[Site "New Delhi IND"]
[Date "2013.01.05"]
[Round "2.46"]
[White "Pradeep,KR"]
[Black "Vaishali,R"]
[Result "1-0"]
[WhiteElo "2264"]
[BlackElo "2000"]

1.Nf3 d5 2.c4 e6 3.g3 Nf6 4.Bg2 Be7 5.O-O O-O 6.d4 b6 7.Nc3 Bb7 8.Ne5 Ne4
9.cxd5 Nxc3 10.bxc3 Bxd5 11.e4 Bb7 12.Qa4 c5 13.Rd1 cxd4 14.cxd4 Qe8 15.Qc4 Nc6
16.Nxc6 Qxc6 17.Qe2 Rac8 18.d5 exd5 19.exd5 Qd7 20.Bb2 Bd6 21.Qh5 Rce8 22.Re1 Rxe1+
23.Rxe1 Re8 24.Rd1 Qe7 25.Qg4 f6 26.Bf1 Bc8 27.Qa4 Bf5 28.Rc1 Bc5 29.Bd4 Bd6
30.Be3 Rc8 31.Rxc8+ Bxc8 32.Bd3 Qe5 33.Bf4 Qe1+ 34.Kg2 Bxf4 35.Qxf4 Qe7 36.d6 Bb7+
37.f3 Qe6 38.Bc4 Bd5 39.d7 Qxd7 40.Qd4  1-0

[Event "11th Parsvnath Open"]
[Site "New Delhi IND"]
[Date "2013.01.05"]
[Round "2.41"]
[White "Krishna Teja,N"]
[Black "Sahoo,U"]
[Result "1-0"]
[WhiteElo "2118"]
[BlackElo "2276"]

1.Nf3 d5 2.c4 c6 3.cxd5 cxd5 4.d4 Nf6 5.Nc3 Nc6 6.Bf4 a6 7.e3 e6 8.a3 Be7
9.Ne5 Nd7 10.Nxd7 Bxd7 11.Bd3 Rc8 12.O-O O-O 13.e4 dxe4 14.Bxe4 f5 15.Bf3 Bf6
16.Bxc6 Bxc6 17.Be5 Bxe5 18.dxe5 Qg5 19.f3 Qe3+ 20.Kh1 Qxe5 21.Re1 Qf6 22.Qb3 Kf7
23.Re2 Rcd8 24.Rae1 Rfe8 25.Na4 Bd5 26.Qb4 Qe7 27.Qa5 Qd6 28.Rd2 Qc6 29.Red1 Rd6
30.Nc3 Red8 31.Qb4 R6d7 32.Qd4 Kg8 33.Qh4 Qc5 34.Qg5 Qe7 35.Qxe7 Rxe7 36.Kg1 Red7
37.Kf2 Kf7 38.f4 Ke7 39.g3 Bc6 40.Rxd7+ Bxd7 41.Ke3 Rg8 42.h4 h6 43.Kd4 g5
44.hxg5 hxg5  1-0

[Event "18th Bosnjaci Open"]
[Site "Bosnjaci CRO"]
[Date "2013.01.06"]
[Round "5.16"]
[White "Djingarova,E"]
[Black "Fridl,M"]
[Result "1-0"]
[WhiteElo "2270"]
[BlackElo "1986"]

1.Nf3 d5 2.c4 c6 3.g3 Nf6 4.Bg2 e6 5.b3 Be7 6.Bb2 Qb6 7.Qc2 a5 8.Nc3 Na6
9.Na4 Qd8 10.c5 Nb8 11.O-O Nbd7 12.d3 Qc7 13.e4 dxe4 14.dxe4 O-O 15.Rac1 Rd8
16.Rfe1 Ng4 17.e5 Nh6 18.h4 Nf5 19.Kh2 h5 20.Ng5 g6 21.Bh3 Nf8 22.Nb6 Ra6
23.Ne4 Bxc5 24.Nxc8 Bb4 25.Ncd6 Bxe1 26.Rxe1 Nd7 27.Bxf5 gxf5 28.Ng5 Nf8
29.Ngxf7 Rd7 30.Ng5 Re7 31.Qe2 Nh7 32.Qxh5 Nxg5 33.Qxg5+ Rg7 34.Qh5 Qe7 35.Ne8 Qf7
36.Nf6+ Kf8 37.Ba3+  1-0

[Event "25th Staufer Open"]
[Site "Schwaebisch Gmuend GER"]
[Date "2013.01.06"]
[Round "9.25"]
[White "Nuding,M"]
[Black "Ernst,Franz"]
[Result "1/2-1/2"]
[WhiteElo "2180"]
[BlackElo "2048"]

1.Nf3 d5 2.c4 e6 3.g3 c5 4.Bg2 Nc6 5.O-O Nf6 6.b3 Be7 7.Bb2 O-O 8.d3 d4 9.Nbd2 Qc7
10.a3 a5 11.Re1 e5 12.e3 Bg4  1/2-1/2

[Event "18th Bosnjaci Open"]
[Site "Bosnjaci CRO"]
[Date "2013.01.07"]
[Round "7.10"]
[White "Djingarova,E"]
[Black "Sertic,Ru"]
[Result "0-1"]
[WhiteElo "2270"]
[BlackElo "2374"]

1.Nf3 d5 2.c4 e6 3.g3 Nf6 4.Bg2 Be7 5.O-O O-O 6.d4 c6 7.Qc2 Nbd7 8.cxd5 exd5
9.Nc3 Re8 10.a3 a5 11.Bf4 Nf8 12.Be5 Nh5 13.e4 dxe4 14.Nxe4 f6 15.Rad1 fxe5
16.dxe5 Qc7 17.Rfe1 Bf5 18.Qc4+ Be6 19.Qe2 g6 20.Qe3 Bd5 21.g4 Bxe4 22.Qxe4 Ng7
23.Bf1 Nfe6 24.Bc4 Kh8 25.Nd4 Bc5 26.Nxe6 Nxe6 27.b4 axb4 28.axb4 Ng5 29.Qg2 Bxb4
30.f4 Bxe1 31.Rxe1 Qb6+ 32.Kh1 Qd4  0-1

[Event "Australian Open 2013"]
[Site "Cammeray AUS"]
[Date "2013.01.07"]
[Round "6.18"]
[White "Davis,T2"]
[Black "Zelesco,Karl"]
[Result "0-1"]
[WhiteElo "1945"]
[BlackElo "2143"]

1.Nf3 d5 2.c4 d4 3.b4 f6 4.e3 e5 5.c5 a5 6.Bb5+ c6 7.Bc4 axb4 8.Nxe5 fxe5
9.Qh5+ g6 10.Qxe5+ Qe7 11.Qxh8 Nf6 12.O-O Be6 13.d3 Bxc4 14.dxc4 Kd7 15.Rd1 Bg7
16.Rxd4+ Kc7 17.Qd8+ Qxd8 18.Rxd8 Kxd8 19.Bb2 Nbd7 20.a3 bxa3 21.Rxa3 Rxa3
22.Bxa3 Ne4 23.f3 Nexc5 24.Nd2  0-1

[Event "18th Bosnjaci Open"]
[Site "Bosnjaci CRO"]
[Date "2013.01.09"]
[Round "9.13"]
[White "Djingarova,E"]
[Black "Hodak,S"]
[Result "1/2-1/2"]
[WhiteElo "2270"]
[BlackElo "2178"]

1.Nf3 d5 2.c4 e6 3.g3 Nf6 4.Bg2 Be7 5.O-O O-O 6.d4 c6 7.Qc2 Re8 8.Nbd2 Nbd7
9.Rd1 Nf8 10.b3 Bb4 11.a3 Bxd2 12.Nxd2 Ng6 13.e4 dxe4 14.Nxe4 Nxe4 15.Bxe4 Qe7
16.Bb2 c5 17.dxc5 Qxc5 18.Rd2 e5 19.Rd5 Qc7 20.Re1 f6 21.Bxg6 hxg6 22.Qxg6 Bd7
23.g4 Bc6 24.Rd3 Qf7 25.Qxf7+ Kxf7 26.b4 a6 27.Bc1 Rad8 28.Red1 Rxd3 29.Rxd3 Rh8
30.h3 e4 31.Rc3 Rd8 32.Kh2 g5 33.Kg3 Rg8 34.Kh2 Rd8  1/2-1/2

[Event "Prague Open A 2013"]
[Site "Prague CZE"]
[Date "2013.01.10"]
[Round "2.4"]
[White "Michalik,P"]
[Black "Volodin,V"]
[Result "1/2-1/2"]
[WhiteElo "2499"]
[BlackElo "2200"]

1.Nf3 d5 2.c4 e6 3.e3 Nf6 4.Nc3 c5 5.d4 Nc6 6.Bd3 Be7 7.O-O O-O 8.cxd5 exd5
9.dxc5 Bxc5 10.h3 h6 11.b3 Be6 12.Bb2 Qe7 13.Ne2 Ba3 14.Qc1 Bxb2 15.Qxb2 Nb4
16.Nf4 Nxd3 17.Nxd3 Bf5 18.Nf4 a6 19.Nd4 Bd7 20.Rac1 Rac8 21.Nde2 Bb5 22.Rfd1 Bxe2
23.Qxe2 Rc5 24.Rxc5 Qxc5 25.Qd2 Rc8 26.Nxd5 Nxd5 27.Qxd5 Qxd5 28.Rxd5 Rc1+
29.Kh2 Rc2 30.Kg3 Rxa2 31.Rd8+ Kh7 32.Rd7 f6 33.Rxb7 a5 34.Rb5 Kg6 35.f4 a4
36.f5+ Kh7 37.bxa4 Rxa4 38.Rd5 Ra2 39.Kf3 Ra1 40.Rd2 Rf1+ 41.Rf2 Ra1 42.g4 Rh1
43.Kg2 Re1 44.Rf3 Re2+ 45.Kg3 Kg8 46.Kf4 Ra2 47.h4 Rh2 48.Kg3 Re2 49.Kf4 Rh2
50.h5 Ra2 51.Rf1 Rb2 52.Ra1 Rf2+ 53.Ke4 Rg2 54.Kf3 Rb2 55.Ra4 Kf7 56.Rc4 Rb7
57.Ke4 Re7+ 58.Kd3 Ra7 59.Kd4 Rd7+ 60.Kc5 Rd3 61.Re4 Kf8 62.Kc4 Rd1 63.Rd4 Re1
64.Kd3 Rg1 65.Ke2 Kf7 66.Kf2 Ra1 67.Rb4 Kf8 68.Rb2 Ra4 69.Kf3 Ra1 70.e4 Rf1+
71.Rf2 Ra1 72.Re2 Rf1+ 73.Kg2 Ra1 74.e5 fxe5 75.Rxe5 Kf7 76.Rd5 Ra6 77.Rd7+ Kf6
78.Kf3 Ra3+ 79.Ke4 Ra4+ 80.Kf3 Ra3+ 81.Kf4 Ra4+ 82.Kg3 Ra3+ 83.Kh4 Ra6 84.Rd3  1/2-1/2

[Event "Australian Open 2013"]
[Site "Cammeray AUS"]
[Date "2013.01.11"]
[Round "9.46"]
[White "Van der Wal,F"]
[Black "Brockman,R"]
[Result "1/2-1/2"]
[WhiteElo "1852"]
[BlackElo "1683"]

1.Nf3 d5 2.c4 e6 3.g3 Nf6 4.b3 Be7 5.Bb2 O-O 6.Bg2 c5 7.e3 Nc6 8.O-O b6 9.d4 Bb7
10.Ne5 Rc8 11.Qe2 Qc7 12.cxd5 Nxd5 13.Rc1 Nxe5 14.dxe5 Rfd8 15.a3 Qb8 16.Nd2 Nc7
17.Bxb7 Qxb7 18.Rd1 Rd7 19.Nc4 Rcd8 20.Rxd7 Rxd7 21.Rd1 Rxd1+ 22.Qxd1 Qd5
23.Qc2 b5 24.Nd2 h6 25.f4 Na8 26.a4 a6 27.Bc3 Bd8 28.Ne4 Bb6 29.Bd2 b4 30.Nd6 Nc7
31.Nc4 Ba7 32.e4 Qd8 33.Be3 f6 34.Kf2 fxe5 35.Nxe5 Qd6 36.Ke2 g5 37.Qd3 Qxd3+
38.Nxd3 gxf4 39.Bxf4 Ne8 40.Bxh6 Nf6 41.Kf3 Kh7 42.Be3 Nd7 43.Nxb4 cxb4 44.Bxa7 Ne5+
45.Ke2 Kg6 46.Bb6 Kg5 47.h3 Nc6 48.Ke3 Kf6 49.h4 Kg6 50.Bc7 Kh5 51.Kf4 Nd4
52.Ke5 Nxb3 53.Kxe6 Nc5+ 54.Kd5 Nxa4 55.Kc4 b3 56.Kxb3 Nc5+ 57.Kc4 Nxe4 58.Kd4 Nd2
59.Kd3 Nf3 60.Bd8 Kg4 61.Ke4 Nd2+ 62.Ke5 Nf1 63.Kf6 Nxg3 64.Kg6 a5 65.Bxa5  1/2-1/2

[Event "TCh-AUT 2 West 2012-13"]
[Site "Bregenz AUT"]
[Date "2013.01.12"]
[Round "7.5"]
[White "Burschowsky,M"]
[Black "Scheiblmaier,R"]
[Result "1/2-1/2"]
[WhiteElo "2234"]
[BlackElo "2149"]

1.Nf3 d5 2.c4 e6 3.g3 c5 4.cxd5 exd5 5.d4 Nf6 6.Bg2 Nc6 7.O-O Be7 8.Nc3 O-O
9.Be3 c4 10.Ne5 Qa5 11.Bg5 Rd8 12.e4 dxe4 13.Nxc6 bxc6 14.Nxe4 Qf5 15.Qa4 Be6
16.Qxc6 Bd5 17.Nxf6+ Bxf6 18.Bxd5 Qxd5 19.Qxd5 Rxd5 20.Bxf6 gxf6 21.Rfd1 Rad8
22.Rac1 Rxd4 23.Rxd4 Rxd4 24.Rc2 Kf8 25.Kg2 Ke7 26.Kf3 f5 27.Ke3 Re4+ 28.Kd2 Kd6
29.Kc3 Kc5 30.Rd2 Re1 31.Rd7 Rc1+ 32.Kd2 Rb1 33.Kc2 Rf1 34.Rd2 h5 35.Re2 Kd4
36.h4 f6 37.a4 a5 38.Kd2 Rb1 39.Kc2 Rf1 40.Kd2  1/2-1/2

[Event "TCh-AUT 2 West 2012-13"]
[Site "Bregenz AUT"]
[Date "2013.01.13"]
[Round "8.3"]
[White "Mons,L"]
[Black "Tabernig,B"]
[Result "1-0"]
[WhiteElo "2339"]
[BlackElo "2327"]

1.Nf3 d5 2.c4 c6 3.g3 Nf6 4.Bg2 dxc4 5.O-O e6 6.a4 a5 7.Na3 Bxa3 8.Rxa3 b5
9.axb5 cxb5 10.Nd4 Qxd4 11.Bxa8 Qa7 12.Bg2 O-O 13.d3 b4 14.Ra1 cxd3 15.Be3 Qc7
16.Qxd3 Ba6 17.Qd4 Nd5 18.Rfc1 Nc6 19.Bxd5 exd5 20.Qb6 Qxb6 21.Bxb6 Bb5 22.Rc5 Nd4
23.Rxb5 Nxb5 24.Rxa5 Nd6 25.Rxd5 Nc4 26.Bd4 Rb8 27.b3 Na3 28.Kf1 f6 29.g4 Rb7
30.g5 Nb5 31.gxf6 Nxd4 32.Rd8+ Kf7 33.fxg7 Kxg7 34.Rxd4 Kf6 35.e3 Kf5 36.Ke2 Rb6
37.Kd3 Rh6 38.h4 Rb6 39.Kc4 Rc6+ 40.Kxb4 Rc2 41.Kb5 Ke6 42.b4  1-0

[Event "Australian Open 2013"]
[Site "Cammeray AUS"]
[Date "2013.01.13"]
[Round "11.44"]
[White "Low,F"]
[Black "Buciu,A"]
[Result "1/2-1/2"]
[WhiteElo "1791"]
[BlackElo "1771"]

1.Nf3 d5 2.c4 e6 3.d4 Nf6 4.Nc3 c6 5.Bg5 Be7 6.e3 Nbd7 7.Rc1 O-O 8.Qc2 Re8
9.Bd3 h6 10.Bh4 dxc4 11.Bxc4 Nd5 12.Bxe7 Qxe7 13.e4 Nb4 14.Qe2 b5 15.Bb3 e5
16.d5 Nc5 17.Bc2 cxd5 18.a3 Nxc2+ 19.Qxc2 dxe4 20.Nxe4 Nxe4 21.Qxe4 Bb7 22.Qe3 Qf6
23.O-O e4 24.Nd4 a6 25.Rc7 Rab8 26.Rfc1 Red8 27.Rd1 Qe5 28.Rcc1 Rd5 29.Rd2 f5
30.Nc6 Bxc6 31.Rxc6 Rbd8 32.Qb3 Kh7 33.Rxd5 Qxd5 34.Qxd5 Rxd5 35.Kf1 a5 36.Rb6 a4
37.g3 Rc5 38.Ke1 h5 39.h4 Rd5 40.Ke2 Kg8 41.Rb7 Kh7 42.Ke1 Kh6 43.Rb6+ Kh7
44.Ke2 g6 45.Rb7+ Kg8 46.Ke3 Rd3+ 47.Kf4 Rb3 48.Kg5 Rxb2 49.Kxg6 Kf8 50.Kxf5 Rxf2+
51.Kxe4 Rb2 52.Kf5 Rb3 53.Kg5 Rxa3 54.Rxb5 Rxg3+ 55.Kxh5 a3 56.Ra5 Kf7 57.Kh6 Kf6
58.Ra6+ Kf5 59.Ra4 Ke5 60.h5 Kd5 61.Kh7 Kc5 62.h6 Kb5 63.Ra8 Kb4 64.Rb8+ Kc3
65.Rg8 Rh3 66.Kg6 a2 67.Ra8 Kb2 68.h7 Rh2 69.Kg7 Rg2+ 70.Kf7 Rf2+ 71.Kg7 Rg2+
72.Kf7 Rh2 73.Kg7 Rh1 74.h8=Q  1/2-1/2

[Event "TCh-FIN SM 2012-13"]
[Site "Sastamala FIN"]
[Date "2013.01.13"]
[Round "9.4"]
[White "Sisatto,O"]
[Black "Parkkinen,J"]
[Result "1/2-1/2"]
[WhiteElo "2258"]
[BlackElo "2164"]

1.Nf3 d5 2.c4 dxc4 3.e4 c5 4.Bxc4 Nc6 5.Bb5 Bd7 6.Nc3 e6 7.O-O Be7 8.Re1 Nf6
9.e5 Nd5 10.Nxd5 exd5 11.d4 Nxd4 12.Nxd4 cxd4 13.Bd3 Qb6 14.f4 g6 15.Qf3 O-O-O
16.Bd2 Bb4 17.Bxb4 Qxb4 18.a3 Qb6 19.b4 Kb8 20.Reb1 Rc8 21.a4 Rc3 22.a5 Qc7
23.Qd1  1/2-1/2

[Event "38th Seville Open"]
[Site "Seville ESP"]
[Date "2013.01.13"]
[Round "3.2"]
[White "Matamoros Franco,C"]
[Black "Alvarez Fernandez,E"]
[Result "1-0"]
[WhiteElo "2538"]
[BlackElo "2350"]

1.Nf3 d5 2.c4 c6 3.g3 Nf6 4.Bg2 Bf5 5.cxd5 cxd5 6.Qb3 Qb6 7.Qxb6 axb6 8.Nc3 Nc6
9.d3 e6 10.O-O h6 11.Nb5 Kd7 12.Bf4 Bc5 13.a3 Rhc8 14.b4 Be7 15.Rfd1 g5 16.Bd2 Bh7
17.Rac1 Ne8 18.e4 Nd6 19.exd5 exd5 20.Nc3 Rxa3 21.Nxd5 Bd8 22.Be3 b5 23.Bc5 Bf5
24.d4 f6 25.Ne3 Rxe3 26.fxe3 Nc4 27.d5 N6e5 28.Nxe5+ fxe5 29.Rf1  1-0

[Event "Dvorkovich Mem 2013"]
[Site "Taganrog RUS"]
[Date "2013.01.15"]
[Round "1.30"]
[White "Pushkov,N"]
[Black "Bykova,Anastasia"]
[Result "0-1"]
[WhiteElo "2374"]
[BlackElo "2025"]

1.Nf3 d5 2.c4 c6 3.d4 Nf6 4.Qb3 Qb6 5.Nc3 Bf5 6.c5 Qc7 7.g3 Qc8 8.Bg2 e6
9.O-O Nbd7 10.Nh4 Bg6 11.Bg5 Be7 12.Rfe1 O-O 13.Nxg6 hxg6 14.e4 dxe4 15.Nxe4 Nxe4
16.Bxe7 Re8 17.Bh4 Nef6 18.Bh3 Qc7 19.Rad1 Rad8 20.g4 Nf8 21.Bg3 Qc8 22.g5 Nd5
23.Bg4 Rd7 24.h4 Qd8 25.a3 Ne7 26.Qe3 Rd5 27.Bd6 Nf5 28.Bxf5 Rxf5 29.Qg3 Qa5
30.b4 Qb5 31.Qb3 b6 32.a4 Qa6 33.b5 Qb7 34.Re3 Rc8 35.Rc1 Rd5 36.Bxf8 Kxf8
37.Qa3 Kg8 38.cxb6 axb6 39.Rec3 Rxd4 40.Rxc6 Rxc6 41.Rxc6 Rxh4 42.Qd6 Rxa4
43.Kh2 Rh4+ 44.Kg3 Rh5 45.f4 Qa8 46.Qd2 Kh7 47.Qb2 Qa4 48.Rd6 Qe4 49.Qd2 Qf5
50.Rd3 Rh3+  0-1

[Event "Prague Open A 2013"]
[Site "Prague CZE"]
[Date "2013.01.16"]
[Round "9.2"]
[White "Michalik,P"]
[Black "Matsenko,S"]
[Result "1/2-1/2"]
[WhiteElo "2499"]
[BlackElo "2460"]

1.Nf3 d5 2.c4 c6 3.e3 Nf6 4.Nc3 e6 5.b3 Bd6 6.Bb2 O-O 7.Qc2 Nbd7 8.Rg1 b5
9.cxb5 c5 10.g4 Bb7 11.g5 Nh5 12.O-O-O e5 13.Bh3 g6 14.d4 cxd4 15.exd4 e4
16.Ne5 Nxe5 17.dxe5 Bxe5 18.Nxe4 Qe7 19.Nc5 Bc8 20.Rde1 Bxb2+ 21.Kxb2 Qd6
22.Bg4 Nf4 23.Nd3 Bxg4 24.Rxg4 Rac8 25.Qd2 Nxd3+ 26.Qxd3 Rfe8 27.Rgg1 Qf4
28.Rxe8+ Rxe8 29.Rd1 Qxg5 30.Qxd5 Qf4 31.Qd4 Qxh2 32.Qxa7 Qe5+ 33.Qd4 Qxb5
34.a4 Qf5 35.Rd2 h5 36.b4 Re4 37.Qc3 Kh7 38.a5 h4 39.f3 Rf4 40.Rd8 f6 41.Rd4 Rxd4
42.Qxd4 h3 43.Qh4+ Qh5 44.Qxf6 h2 45.Qe7+ Kh6 46.f4 h1=Q 47.Qf8+ Kh7 48.Qf7+  1/2-1/2

[Event "38th Seville Open"]
[Site "Seville ESP"]
[Date "2013.01.16"]
[Round "6.13"]
[White "Kjartansson,G"]
[Black "Urbina Perez,J"]
[Result "1-0"]
[WhiteElo "2408"]
[BlackElo "2214"]

1.Nf3 d5 2.c4 c6 3.g3 Nf6 4.Bg2 Bg4 5.Ne5 Bf5 6.cxd5 cxd5 7.Qa4+ Nbd7 8.Nc3 e6
9.g4 Bc2 10.Nxf7 Kxf7 11.Qxc2 Rc8 12.g5 Nh5 13.d4 Bd6 14.Bf3 Nf4 15.Bxf4 Bxf4
16.Bxd5 Bxg5 17.Qf5+  1-0

[Event "TCh-AUT 2012-13"]
[Site "Graz AUT"]
[Date "2013.01.18"]
[Round "5.3"]
[White "Braun,A"]
[Black "Pavasovic,D"]
[Result "0-1"]
[WhiteElo "2556"]
[BlackElo "2555"]

1.Nf3 d5 2.c4 e6 3.b3 Nf6 4.g3 d4 5.Bg2 c5 6.O-O Nc6 7.Nh4 g5 8.Bxc6+ bxc6
9.Ng2 e5 10.d3 h6 11.e3 Bh3 12.Qe2 Qd7 13.exd4 O-O-O 14.dxe5 Ng4 15.Bb2 Bg7
16.e6 fxe6 17.Bxg7 Qxg7 18.Nd2 Ne5 19.Nf3 Nxd3 20.Rad1 Bf5 21.Ne3 Qf6 22.Nxf5 Qxf5
23.Qe3 e5 24.Nd2 Rd4 25.f3 Rhd8 26.Ne4 Nb4 27.Rxd4 exd4 28.Qd2 d3 29.a3 Nc2
30.Qa5 Ne3 31.g4 Qe5 32.Rb1 Nxg4 33.Qd2 Qd4+ 34.Kh1 Ne5 35.Qa5 d2 36.Rd1 Qe3
37.Rxd2 Qxf3+ 38.Kg1 Qg4+ 39.Kf1 Qf4+ 40.Kg1 Nf3+  0-1

[Event "Kislovodsk Open 2013"]
[Site "Kislovodsk RUS"]
[Date "2013.01.18"]
[Round "4"]
[White "Popov,Andrey2"]
[Black "Rumiantseva,Ksenia"]
[Result "1-0"]
[WhiteElo "2138"]
[BlackElo "1903"]

1.Nf3 d5 2.c4 c6 3.g3 Nf6 4.Bg2 Bf5 5.cxd5 cxd5 6.Nd4 Be4 7.f3 Bg6 8.Nb3 e6
9.d4 Nc6 10.O-O Bd6 11.Be3 O-O 12.Nc3 Na5 13.Nxa5 Qxa5 14.Qa4 Qxa4 15.Nxa4 Nd7
16.Rac1 Rac8 17.Bh3 Rc2 18.Rxc2 Bxc2 19.b3 Nb8 20.Rc1 Bg6 21.Nc5 b6 22.Na4 Na6
23.Bf4 Bxf4 24.gxf4 h6 25.Kf2 Re8 26.a3 Re7 27.Rc8+ Kh7 28.Ra8 Bc2 29.Nxb6 Bxb3
30.Nc8 Re8 31.Rxa7 Rxc8 32.Rxa6 Rc2 33.f5 Bc4 34.fxe6 Rxe2+ 35.Kg3 fxe6 36.Rxe6 Rb2
37.Bf5+ Kg8 38.Bg6 Rb8 39.a4 Kf8 40.a5 Ra8 41.Re5 Ba2 42.h4 Bc4 43.h5 Kg8
44.Kf2 Ba2 45.Ke3 Bc4 46.f4 Rb8 47.f5 Kf8 48.Kf4 Ba2 49.Re8+ Rxe8 50.Bxe8 Bc4
51.Bc6 Ba6 52.Bxd5  1-0

[Event "TCh-NED Meesterklasse 2012-13"]
[Site "Netherland NED"]
[Date "2013.01.18"]
[Round "6.2"]
[White "Fridman,D"]
[Black "Spoelman,W"]
[Result "1/2-1/2"]
[WhiteElo "2657"]
[BlackElo "2546"]

1.Nf3 d5 2.c4 c6 3.g3 Nf6 4.Bg2 dxc4 5.O-O Nbd7 6.Qc2 e5 7.Qxc4 Bd6 8.d3 O-O
9.Nbd2 Re8 10.Ng5 Qe7 11.Nde4 Bc7 12.Be3 Nd5 13.Bd2 a5 14.a3 h6 15.Nf3 N7b6
16.Qc2 a4 17.Nc5 Bd6 18.Rac1 Nc7 19.Ne4 Nb5 20.Nxd6 Qxd6 21.Qc5 Qd8 22.e3 f6
23.Rfd1 Be6 24.Be1  1/2-1/2

[Event "38th Seville Open"]
[Site "Seville ESP"]
[Date "2013.01.18"]
[Round "8.10"]
[White "Aranaz Murillo,A"]
[Black "Das,Arg"]
[Result "1/2-1/2"]
[WhiteElo "2251"]
[BlackElo "2466"]

1.Nf3 d5 2.c4 e6 3.g3 Nf6 4.Bg2 g6 5.O-O Bg7 6.d4 O-O 7.Nc3 Nbd7 8.b3 b6
9.cxd5 exd5 10.Bb2 Bb7 11.Rc1 a6 12.Qc2 Re8 13.Rfd1 c5 14.dxc5 bxc5 15.Ne1 Nb6
16.Nd3 Qe7 17.Ba3 Rac8 18.e3 Bf8 19.Bxc5 Rxc5 20.Nxc5 Qxc5 21.Nxd5 Bxd5 22.Qxc5 Bxc5
23.Rxc5 Bxg2 24.Kxg2 Re6 25.Rdc1 Nfd7 26.Ra5 Nb8 27.Rd1 Kg7 28.Rc5 Re7 29.Rdc1 Kf8
30.Rc7 Rxc7 31.Rxc7 N6d7 32.b4 h6 33.Rc8+ Ke7 34.f4 Kd6 35.Kf3 Nc6 36.a3 a5
37.h4 Nf6 38.Rf8 Ke7 39.Ra8 Kd7 40.Ra6 Nd5 41.Ra8 Nf6 42.Ra6 Nd5 43.Ra8  1/2-1/2